000 00416nam a2200169Ia 4500
008 230524s9999 xx 000 0 und d
082 _a535
_bGHO
100 _aMohan C.Joshi
245 0 _aOptimization Theory and Practice
250 _a1ST
260 _aNEW DELHI
_bNarosa
_c2004
300 _aXVII;325
500 _aQuantity Number: 3
650 _aMathematics
700 _a Kannan M.Moudgalya
942 _cBK
999 _c19552
_d19552